000 00471nam a22001817a 4500
003 OSt
005 20140310182349.0
008 130316t xxu||||| |||| 00| 0 eng d
020 _a0140504354
050 _aPR 6054.A35
_b.D5 1986
082 _aPR6054
_b.A35D5 1986
100 _aDahl, Roald
_93827
245 _aDirty beasts /
_cRoald Dahl
260 _a New York
_bFarrar, Straus, Giroux
_c1986
300 _a1 v.(paged)
_c22 cm
942 _2lcc
_cBK-GS
999 _c12299
_d12299